| 000 | 00370nam a2200157Ia 4500 | ||
|---|---|---|---|
| 008 | 151213s9999 xx 000 0 und d | ||
| 100 | _aE.Balagrusamy | ||
| 245 |
_aANSI C _cE.Balagrusamy |
||
| 250 | _a3rd | ||
| 260 |
_aNew Delhi _bTata Mc Graw Hill _c2007 |
||
| 300 | _a8615 p. | ||
| 650 | _aComputer | ||
| 650 | _aComputer | ||
| 700 | _aE.Balagrusamy | ||
| 999 |
_c4406 _d4406 |
||